Rahmatul-lil-Aalameen (P.B.U.H) : (Record no. 35589)
[ view plain ]
| 000 -LEADER | |
|---|---|
| fixed length control field | 00503nam a22001457a 4500 |
| 005 - DATE AND TIME OF LATEST TRANSACTION | |
| control field | 20240424103807.0 |
| 008 - FIXED-LENGTH DATA ELEMENTS--GENERAL INFORMATION | |
| fixed length control field | 240424b |||||||| |||| 00| 0 eng d |
| 082 ## - DEWEY DECIMAL CLASSIFICATION NUMBER | |
| Classification number | 297.63 |
| Item number | SAL-R |
| 100 ## - MAIN ENTRY--AUTHOR | |
| Author Name | Shaykh Qazi Muhammad Sulaiman Salman Mansoor puri |
| 245 ## - TITLE STATEMENT | |
| Title | Rahmatul-lil-Aalameen (P.B.U.H) : |
| Remainder of title | Seerat e Nabbi (P.B.U.H) / |
| Statement of responsibility, etc. | Shaykh Qazi Muhammad Sulaiman Salman Mansoor puri. |
| 260 ## - PUBLICATION, DISTRIBUTION, ETC. | |
| Place of Publication | Pakistan : |
| Name of publisher, distributor, etc. | Muktabah Rehmaniya; |
| 300 ## - PHYSICAL DESCRIPTION | |
| Pages | 312 p. : |
| 650 ## - SUBJECT ADDED ENTRY--TOPICAL TERM | |
| Subject / Department | Literature / Islamic |
| 300 ## - PHYSICAL DESCRIPTION | |
| -- | 24.5 cm . |
| 952 ## - LOCATION AND ITEM INFORMATION (KOHA) | |
| -- | 0 |
| -- | 0 |
| Lost status | Damaged status | Collection code | Permanent Location | Current Location | Shelving Location | Date acquired | Full Call Number | Accession No./Barcode | Date last seen | item type | Koha item type |
|---|---|---|---|---|---|---|---|---|---|---|---|
| Literature/Urdu/eng/Islamic | Superior Information Resource Center (SIRC) Superior University- Central Library | Superior Information Resource Center (SIRC) Superior University- Central Library | Literature | 04/24/2024 | 697.63 SAL-R | 29361 | 04/26/2024 | BOOK | BOOK |
